Представление документа в формате MARC21

Поле Инд. ПП Название Значение
Тип записи a
Библиографический уровень m
001 Контрольный номер a366de6206ef4b4485a4d9762dd440b0
005 Дата корректировки 20250603154526.2
020 c Цена, тираж б. ц.
040 b Код языка каталог. rus
e Правила каталог. PSBO
041 0_ a Код языка текста rus
080 a Индекс УДК 005.53
084 a Индекс другой классификации/Индекс ББК 65.291.2
090 x Авторский знак Ш62
097 b Оператор 02
100 1_ a Автор Шинкевич Е. А.
245 10 a Заглавие Методы принятия решений
b Продолж. заглавия электронный образовательный ресурс
h Физич. носитель Электронный ресурс
260 a Место издания Минск
b Издательство БГУИР
c Дата издания 2025
336 a Термин вида содержания Текст
337 a Термин типа средства электронный
440 _0 a Серия Кафедра менеджмента
510 0_ a Примечание о ссылках Документы на электронных носителях
650 04 a Основная рубрика 06.39 Наука управления экономикой
x Основная подрубрика 06.39.41 Теории менеджмента
653 0_ a Ключевые слова ЭОР; электронный образовательный ресурс; принятие решений; менеджмент
856 40 u URL https://lms.bsuir.by/course/view.php?id=8802
901 t Тип документа m